| 000 | 01469nam0a2200337 4500 | ||
|---|---|---|---|
| 001 | RU\NLR\bibl\1294797 | ||
| 005 | 20260408152544.0 | ||
| 010 |
_a978-5-7253-1767-1 _9500 |
||
| 021 |
_aRU _b2008-75228 _94333 |
||
| 035 | _a(NLR Aleph) 001280432 | ||
| 090 |
_a495526 _c495526 |
||
| 100 | _a20081114d2008 |||y0rusy50 ca | ||
| 101 | 0 | _arus | |
| 102 | _aRU | ||
| 105 | _aa ||||||||| | ||
| 200 | 1 |
_aВероятностное моделирование в анализе безубыточности производства _fС.С. Ованесян, В.П. Щербинин _gФедер. агентство по образованию, Байкал. гос. ун-т экономики и права |
|
| 210 |
_aИркутск _cИзд-во БГУЭП _d2008 |
||
| 215 |
_a110 с. _cил. _d21 |
||
| 320 | _aБиблиогр.: с. 106-110 (70 назв.) | ||
| 606 | 1 |
_aПредприятия _xДоходность _xМатематическое моделирование _92546119 _3RU\NLR\auth\661506975 |
|
| 606 |
_aПрибыль _3RU\NLR\auth\6610896 _9907060 |
||
| 686 | _aУ010.64 | ||
| 686 | _aУ26(0)19в611 | ||
| 700 | 1 |
_4070 _8rus _7ca _aОванесян _bС. С. _gСергей Суренович _3RU\NLR\auth\7724837 _97887 |
|
| 701 | 1 |
_aЩербинин _bВ. П. _gВасилий Петрович _4070 |
|
| 801 | 0 |
_aRU _bNLR _c20081114 _gRCR |
|
| 801 | 1 |
_aRU _bNLR _c20081114 |
|
| 830 | _aавт. по кн. | ||
| 942 | _cBOOK | ||
| 980 | _aNB | ||